1647 1992 1872 1791 1199 1747 1379 1885 1000 1339 1960 1156 1908 1144 1276 1499 1534 1970 1502 1257 1976 1877 1522 1581 1672 1548 1778 1957 1145 1654 1634 1345 1643 1574 1074 1845 1836 1404 1484 1880 1905 1788 1133 1367 1846 1701 1173 1647 1361 1960 1051 1485 1527 1244 1874 1167 1552 1461 1700 1965 1849 1025 1712 1838 1892 1507 1603 1831 1881 1141 1199 1532 1263 1437 1821 1509 1066 1692 1205 1850 1327 1041 1349 1059 1948 1984 1509 1898 1510 1735 1736 1000 1777 1580 1221 1080 1787 1478 1994 BCNSPRNW ULIB Ver.6.0+V

เปลี่ยนเป็นภาษาไทย

Change to English
 แสดงรายละเอียดบรรณานุกรม
  กลับหน้าหลัก

Brief Record : Get Marc (ISO 2709) : E-mail record : QR code < ปิดหน้าต่าง
LEADER : 00000nam 2200000uu 4500
001    13399114722
003     ULIB
008    120503s2554||||th 000 0 tha d
020    ^a9789742466350
050 04 ^aPL4158^bก563ห
100 0  ^aกำชัย ทองหล่อ
245 10 ^aหลักภาษาไทย /^cกำชัย ทองหล่อ
250    ^aพิมพ์ครั้งที่ 35
260    ^aกรุงเทพฯ:^Bรวมสาส์น,^c2554
300    ^a540 หน้า
650    ^aหลักภาษาไทย
945    ^p345^l0^i18990
945    ^p345^l0^i18991
945    ^p345^l0^i18992
995    ^aฌฏาณ
999    ^aใช้งานได้ทุกระบบ
รายการนี้ยังไม่มีแท็ก
คุณยังไม่ได้ล็อกอิน คุณสามารถมีกิจกรรมร่วมกับเว็บไซต์ได้ แต่ต้องล็อกอินก่อน ::
  ล็อกอิน

รายการสื่อสารสนเทศ

ลำดับที่ ประเภท เลขเรียก/บาร์โค้ด สถานที่ สถานะ
- ไม่พบข้อมูล -

รายการใกล้เคียง
    ผู้แต่ง [กำชัย ทองหล่อ]

    หัวเรื่อง [หลักภาษาไทย]

BibComment


ยังไม่เคยถูกคอมเมนท์

คอมเมนท์ทรัพยากรรายการนี้
  คอมเมนท์: หลักภาษาไทย กำช..


 Copyright 2026. Bcnsprnw @Library